<?xml version="1.0" encoding="UTF-8"?>
<record
    xmlns:xsi="http://www.w3.org/2001/XMLSchema-instance"
    xsi:schemaLocation="http://www.loc.gov/MARC21/slim http://www.loc.gov/standards/marcxml/schema/MARC21slim.xsd"
    xmlns="http://www.loc.gov/MARC21/slim">

  <leader>00928nam a22002897a 4500</leader>
  <controlfield tag="003">dpl</controlfield>
  <controlfield tag="005">20180610160543.0</controlfield>
  <controlfield tag="008">180610b        xxu||||| |||| 00| 0 eng d</controlfield>
  <datafield tag="010" ind1=" " ind2=" ">
    <subfield code="a">B-129685</subfield>
  </datafield>
  <datafield tag="020" ind1=" " ind2=" ">
    <subfield code="c">110.00</subfield>
    <subfield code="a">8123741111</subfield>
  </datafield>
  <datafield tag="035" ind1=" " ind2=" ">
    <subfield code="a">B-129685, B-129689</subfield>
  </datafield>
  <datafield tag="037" ind1=" " ind2=" ">
    <subfield code="b">Cen Lib/Ret</subfield>
  </datafield>
  <datafield tag="040" ind1=" " ind2=" ">
    <subfield code="a">DPL</subfield>
    <subfield code="b">EN</subfield>
    <subfield code="c">0</subfield>
  </datafield>
  <datafield tag="082" ind1=" " ind2=" ">
    <subfield code="a">793.93</subfield>
    <subfield code="b">CHO</subfield>
  </datafield>
  <datafield tag="100" ind1=" " ind2=" ">
    <subfield code="a">Chowdhury, T.P.S.</subfield>
    <subfield code="9">107619</subfield>
  </datafield>
  <datafield tag="245" ind1=" " ind2=" ">
    <subfield code="a">Adventure sports /</subfield>
    <subfield code="c">by T.P.S.Chowdhury; illustrated by Deepthi Sethi [and] Narendra Taygi</subfield>
  </datafield>
  <datafield tag="260" ind1=" " ind2=" ">
    <subfield code="a">New Delhi</subfield>
    <subfield code="b">National Book Trust</subfield>
    <subfield code="c">2003</subfield>
  </datafield>
  <datafield tag="270" ind1=" " ind2=" ">
    <subfield code="a">5, Green Park</subfield>
    <subfield code="b">New Delhi</subfield>
    <subfield code="e">110016</subfield>
  </datafield>
  <datafield tag="300" ind1=" " ind2=" ">
    <subfield code="a">xxii, 366p. :</subfield>
    <subfield code="c">23cm(pbk)</subfield>
    <subfield code="b">ill.</subfield>
  </datafield>
  <datafield tag="490" ind1=" " ind2=" ">
    <subfield code="a">Young India library</subfield>
  </datafield>
  <datafield tag="500" ind1=" " ind2=" ">
    <subfield code="a">Includes bibliographical references.</subfield>
  </datafield>
  <datafield tag="650" ind1=" " ind2=" ">
    <subfield code="a">Sports </subfield>
    <subfield code="9">107620</subfield>
  </datafield>
  <datafield tag="650" ind1=" " ind2=" ">
    <subfield code="a">Adventure sports </subfield>
    <subfield code="9">107621</subfield>
  </datafield>
  <datafield tag="700" ind1=" " ind2=" ">
    <subfield code="a">Sethi, Deepthi</subfield>
    <subfield code="9">25265</subfield>
  </datafield>
  <datafield tag="700" ind1=" " ind2=" ">
    <subfield code="a">Tyagi, Narendra</subfield>
    <subfield code="9">14993</subfield>
  </datafield>
  <datafield tag="942" ind1=" " ind2=" ">
    <subfield code="2">ddc</subfield>
    <subfield code="c">EN</subfield>
    <subfield code="h">793.93</subfield>
    <subfield code="m">CHA</subfield>
  </datafield>
  <datafield tag="999" ind1=" " ind2=" ">
    <subfield code="c">129061</subfield>
    <subfield code="d">129061</subfield>
  </datafield>
  <datafield tag="952" ind1=" " ind2=" ">
    <subfield code="0">0</subfield>
    <subfield code="1">0</subfield>
    <subfield code="4">0</subfield>
    <subfield code="7">0</subfield>
    <subfield code="a">L</subfield>
    <subfield code="b">L</subfield>
    <subfield code="d">2015-07-04</subfield>
    <subfield code="e">Cen Lib/Ret</subfield>
    <subfield code="g">110.00</subfield>
    <subfield code="l">2</subfield>
    <subfield code="o">793.93 CHO</subfield>
    <subfield code="p">B-129685</subfield>
    <subfield code="r">2019-11-29 00:00:00</subfield>
    <subfield code="s">2019-11-15</subfield>
    <subfield code="t">1</subfield>
    <subfield code="v">110.00</subfield>
    <subfield code="w">2015-07-04</subfield>
    <subfield code="y">EN</subfield>
  </datafield>
  <datafield tag="952" ind1=" " ind2=" ">
    <subfield code="0">0</subfield>
    <subfield code="1">0</subfield>
    <subfield code="2">ddc</subfield>
    <subfield code="4">0</subfield>
    <subfield code="7">0</subfield>
    <subfield code="8">NFIC</subfield>
    <subfield code="a">BL4</subfield>
    <subfield code="b">BL4</subfield>
    <subfield code="d">2018-06-10</subfield>
    <subfield code="e">BPPD/PUB</subfield>
    <subfield code="g">110.00</subfield>
    <subfield code="l">0</subfield>
    <subfield code="o">793.93 CHA</subfield>
    <subfield code="p">B-129689</subfield>
    <subfield code="r">2018-06-10 00:00:00</subfield>
    <subfield code="v">110.00</subfield>
    <subfield code="w">2018-06-10</subfield>
    <subfield code="y">EN</subfield>
  </datafield>
  <datafield tag="952" ind1=" " ind2=" ">
    <subfield code="0">0</subfield>
    <subfield code="1">0</subfield>
    <subfield code="2">ddc</subfield>
    <subfield code="4">0</subfield>
    <subfield code="7">0</subfield>
    <subfield code="8">NFIC</subfield>
    <subfield code="a">ZLS</subfield>
    <subfield code="b">ZLS</subfield>
    <subfield code="d">2019-05-10</subfield>
    <subfield code="l">0</subfield>
    <subfield code="o">793.93 CHA</subfield>
    <subfield code="p">B-129687</subfield>
    <subfield code="r">2019-05-10 00:00:00</subfield>
    <subfield code="w">2019-05-10</subfield>
    <subfield code="y">EN</subfield>
  </datafield>
  <datafield tag="952" ind1=" " ind2=" ">
    <subfield code="0">0</subfield>
    <subfield code="1">0</subfield>
    <subfield code="2">ddc</subfield>
    <subfield code="4">0</subfield>
    <subfield code="7">0</subfield>
    <subfield code="a">L</subfield>
    <subfield code="b">L</subfield>
    <subfield code="d">2019-11-26</subfield>
    <subfield code="g">110.00</subfield>
    <subfield code="l">0</subfield>
    <subfield code="o">793.93 CHA</subfield>
    <subfield code="p">B-209642</subfield>
    <subfield code="r">2019-11-26 00:00:00</subfield>
    <subfield code="v">110.00</subfield>
    <subfield code="w">2019-11-26</subfield>
    <subfield code="y">EN</subfield>
  </datafield>
</record>
